| 000 | 00611cam a2200193 a 4500 | ||
|---|---|---|---|
| 020 | _a9679421198 (pbk.) | ||
| 020 | _a9679421244 (hard) | ||
| 040 | _cDLC | ||
| 082 | _a305 UNI 1988 A015 Or. | ||
| 100 | 0 | _aHashim Haji Wan Teh, | |
| 245 | 1 | 0 | _aPeasants under peripheral capitalism / |
| 260 |
_aBangi : _bUniversiti Kebangsaan Malaysia, _c1988. |
||
| 300 |
_a205 p. : _bill., maps ; _c22 cm. |
||
| 500 | _a"Issued under the auspices of the Institute of Southeast Asian Studies in Singapore." | ||
| 650 | 0 | _aPeasants | |
| 650 | 0 | _aCapitalism | |
| 710 | 2 | _aInstitute of Southeast Asian Studies. | |
| 942 | _cEK | ||
| 999 |
_c11481 _d11481 |
||